| 000 | 01824nam a2200373 c 4500 | ||
|---|---|---|---|
| 003 | BLK | ||
| 005 | 20180422112717.0 | ||
| 008 | 180410b bul|||||r ||||||| ||bul|| | ||
| 010 | _aKNG00152810000 | ||
| 020 |
_a978-954-9775-56-3 _bиздат.: Химера |
||
| 040 | _aBLK | ||
| 041 |
_aBUL _cBUL |
||
| 072 | 7 |
_2bullib _aН10 _xФилософия Н |
|
| 080 |
_aФилософски мистицизъм. Ранни езотерични школи. Кабала. Теософия. Антропософия. Суфизъм. Еклектизъм. Синкретизъм. Херметизъм. Розенкройцерство. Др. школи _b141.33 _x _z141.33 |
||
| 700 | 1 |
_aШадрин, Алексей Александрович _e* _9380117 |
|
| 100 | 1 |
_aшри Махачария _eпърви автор _gШадрин, Алексей Александрович _9329290 |
|
| 139 |
_aШадрин, Алексей Александрович _bШ 15 |
||
| 245 | 1 | 0 |
_aАлена книга Quenta la' Erta _c* Алексей Александрович Шадрин; шри Махачария. |
| 257 | _aRUS | ||
| 260 |
_аСофия _bХимера _c2010 |
||
| 300 |
_a132 с. _c17 см |
||
| 380 | _a1 | ||
| 490 | 1 |
_aТайната книга на Пазителите на Земята _vКн. 1 |
|
| 500 | _aОриг. загл. Quenta la'Erta / Шри Махачария. - Възприета форма на името на авт. - Алексей Александрович Шадрин. | ||
| 650 | 4 |
_aЕзотеризъм _9154400 |
|
| 653 | _aмистика | ||
| 653 | _aезотерика | ||
| 659 | _aН | ||
| 852 | _aЦб І 36244 | ||
| 856 | 4 |
_qpdf _u |
|
| 856 | 4 |
_qpdf _u |
|
| 942 |
_cKNG _n0 |
||
| 944 |
_aCR _c05.11.2013 _lф / _kГеновева_Генчева |
||
| 944 |
_aED _c20.10.2016 _lф / _kЛюдмила_Стоянова |
||
| 999 |
_c146615 _d146615 |
||